Pays ne reconnaissant pas le Kosovo - Statistiques

Statistiques générales
  • Ce quiz a été pris 96 fois
  • Le résultat moyen est 26 sur 55
Statistiques - réponses
Pays % Correct
Serbie
90%
Russie
89%
Chine (RPC)
76%
Algérie
68%
Afrique du Sud
65%
Brésil
64%
Espagne
61%
Roumanie
61%
Grèce
60%
Ukraine
60%
Argentine
59%
Inde
59%
Maroc
59%
Corée du Nord
58%
Bélarus
55%
Mexique
55%
Irak
54%
Iran
54%
Bosnie-Herzégovine
53%
Arménie
51%
Kazakhstan
51%
Venezuela
51%
Cuba
49%
Indonésie
49%
Slovaquie
49%
Bolivie
48%
Vietnam
48%
Ouzbékistan
46%
Chili
44%
Moldavie
44%
Syrie
43%
Angola
41%
Azerbaïdjan
41%
Laos
41%
Tadjikistan
41%
Paraguay
40%
Uruguay
40%
Cambodge
39%
Chypre
38%
Kirghizistan
38%
Soudan
38%
Géorgie
36%
Nicaragua
34%
Equateur
33%
Zambie
33%
Jamaïque
31%
Ethiopie
30%
Vatican
30%
Mozambique
29%
Bhoutan
26%
Namibie
24%
Philippines
24%
Botswana
20%
Sri Lanka
20%
Ouganda
19%
Aucun quiz correspondant
Distribution des résultats
% des personnes avec chaque résultat
Percentile par nombre de réponses
Votre historique - résultats
Vous n’avez pas pris ce quiz